Multiple-Choice-Stadtquiz Münster - Statistiken

Allgemein
  • Dieses Quiz wurde 1.642 mal gespielt
  • Das Durchschnittsergebnis liegt bei 6 aus 10
Antwortstatistiken
Frage Antwort % Korrekt
In welchem Bundesland liegt Münster? Nordrhein-Westfalen
94%
Münster gilt als Hauptstadt welches Verkehrsmittels? Fahrrad
91%
Welcher Krieg wurde in Münster (und Osnabrück) beendet? Dreißigjähriger Krieg
73%
Wie heißen die Hauptrollen im Tatort Münster? Thiel & Boerne
69%
Wie hoch ist in etwa der Anteil der Studierenden in Münsters Gesamtbevölkerung? 20 %
60%
Welcher Platz gilt als Herz der Stadt? Prinzipalmarkt
56%
Die Münstersche Aa fließt durchs Stadtzentrum und mündet in welchen Fluss? Ems
52%
In welchem Jahrhundert wurde Münster gegründet? 8. Jhdt. n. Chr.
51%
Wie heißt die Hauptkirche des Bistums Münster? St.-Paulus-Dom
38%
Welchen Namen trug das weltliche Territorium im Heiligen Römischen Reich (dt. Nation)? Hochstift Münster
29%
Keine übereinstimmenden Quizze gefunden
Verteilung der Resultate
Anzahl Personen mit jedem Resultat
Perzentil nach korrekt beantworteten Fragen
Ihre Resultats-Entwicklung
Sie haben dieses Quiz noch nicht gespielt